Nihon nōgyō shi /

Saved in:
Bibliographic Details
Main Author: Furushima, Toshio, 1912-1995.
Format: Book
Language:Japanese
Published: Tōkyō : Tōkyō Daigaku Shuppankai, 1975.
Edition:Dai 1-kan.
Series:Fukushima Toshio chosaku shū ; dai 5-kan.
Subjects:
Tags: Add Tag
No Tags, Be the first to tag this record!
LEADER 01231nam a2200349 i 4500
001 007770021-X
005 20024617122053.0
008 960709s1975 ja b 000 0 jpn
010 |a 75806924 /J 
015 |a Ja75-5127 
035 0 |a ocm35045711 
040 |a DLC  |c PPiU  |d *YNH*  |d CStRLIN 
050 0 0 |a HD2092  |b .F796 1974 vol. 5  |a S471.J3 
100 1 |6 880-01  |a Furushima, Toshio,  |d 1912-1995. 
245 1 0 |6 880-02  |a Nihon nōgyō shi /  |c [Furushima Toshio]. 
250 |6 880-03  |a Dai 1-kan. 
260 |6 880-04  |a Tōkyō :  |b Tōkyō Daigaku Shuppankai,  |c 1975. 
300 |a 492 p. ;  |c 22 cm. 
490 1 |6 880-05  |a Fukushima Toshio chosaku shū ;  |v dai 5-kan 
500 |a Title from colophon. 
500 |a No more published? 
504 |a Includes bibliographical references. 
650 0 |a Agriculture  |z Japan  |x History. 
880 1 |6 100-01  |a 古島敏雄,  |d 1912- 
880 1 0 |6 245-02  |a 日本農業史 /  |c [古島敏雄]. 
880 |6 250-03  |a 第1卷. 
880 |6 260-04  |a 東京 :  |b 東京大学出版会,  |c 1975. 
880 1 |6 490-05  |a 古島敏雄著作集 ;  |v 第5卷 
830 0 |6 880-55  |a Fukushima Toshio chosaku shū ;  |v dai 5-kan. 
880 0 |6 830-55  |a 古島敏雄著作集 ;  |v 第5卷. 
988 |a 20021220 
906 |0 DLC